00510nam a22001577a 450000500170000001000150001702000260003203500140005803700090007208200160008124500720009726000440016927000880021330000270030170000240032820220218151413.0 aENG-131681 a9789383959440c243.00 aEN-115213 bDBAD a338.5024658 aManagerial Economics:bI-BBA/I-Semester/cR. Raj Gopal Naidu et.al. aHyderabadbAmaravati Publicationsc2021 a# 326/C, Level 3, Surneni Nilayam Near B K Guda Park, S R NagarbHyderabade500038 aviii, 280p.c24cm(pbk) aNaidu, R. Raj Gopal